| 000 | 01129nam a2200325 i 4500 | ||
|---|---|---|---|
| 001 | bslw10091604 | ||
| 005 | 20240305165656.0 | ||
| 006 | m o d | ||
| 007 | cr un ---uuuua | ||
| 008 | 230927s2023 sp d ob 000 0 spa d | ||
| 020 | _a9788411227148 | ||
| 035 | _a38821 | ||
| 040 |
_aUtOrBLW _beng _erda _cUtOrBLW |
||
| 050 | 4 |
_aK3275 _b.G68 2023 |
|
| 082 | 0 | 4 |
_a342.082 _223 |
| 245 | 0 | 0 |
_aGovernanza multinivel de los movimientos migratorios : _bretos y perspectivas desde el derecho / _ccoord. Gloria Esteban de la Rosa. |
| 250 | _a1a edición. | ||
| 264 | 1 |
_aMadrid : _bDykinson, S.L., _c2023. |
|
| 300 |
_a546 pages : _bcharts (chiefly color) |
||
| 336 |
_atext _btxt _2rdacontent |
||
| 337 |
_acomputer _bc _2rdamedia |
||
| 338 |
_aonline resource _bcr _2rdacarrier |
||
| 490 | 0 |
_aColección Conocimiento Contemporáneo ; _vn.o 92 |
|
| 504 | _aIncludes bibliographical references. | ||
| 650 | 0 | _aEmigration and immigration law. | |
| 650 | 0 |
_aMigration, Internal _xLaw and legislation. |
|
| 700 | 1 |
_aEsteban de la Rosa, Gloria, _eeditor. |
|
| 856 | 4 | 0 | _uhttps://app.vlex.com/#/sources/38821 |
| 942 | _cRAA | ||
| 999 |
_c173119 _d173119 |
||